000 00691nam a2200229Ia 4500
005 20221212151057.0
008 210716s2005 xx 000 0 und d
020 _a8129712032
040 _cAIMIT LIBRARY
041 _aeng
082 _a005.131
_24
_bBANJ
100 _aBanks, Jerry.
_965554
245 _aDiscrete event system simulation /
_cBy Jerry Banks...[et.al.].
250 _a4th ed.
260 _aNew Delhi :
_bPearson Education ,
_c2005.
300 _a624p. ;
_bPB
_c24 cm
650 _aSystem Analysis & Design
_965555
700 _aCarson, John S.
_965572
700 _aNelson, Barry L.
_965573
700 _aNicol, David M.
_965574
942 _2ddc
_cBK
_e4th
_k005.131 BANJ
999 _c187701
_d187701